00587 2200205 4500001002100000005001500021035002000036007000300056008004100059020002200100082001200122084001800134100001600152245007900168250001100247260003100258300002700289650004300316700002200359INLIS00000000000205720260303093457 a0010-0326000006ta260303 d 0 ind  a978-623-522-885-3 a499.221 a499.221 IMA e0 aImam Taufik1 aErlangga X-Press TKA Bahasa Indonesia Tingkat Lanjut SMA/MA /cImam Taufik aCet. 1 aJakarta :bErlangga,c2025 a140 hlm. ;c21 x 26 cm aBahasa Indonesia Tingkat Lanjut SMA/MA0 aAgung Tri Laksono